|
|
|
|
| LEADER |
00000nas a2200000 a 4500 |
| 001 |
ssj0013088 |
| 003 |
WaSeSS |
| 005 |
20200512172242.0 |
| 006 |
m d |
| 007 |
cr n |
| 008 |
000407c18649999enkmr pss 0 a0eng c |
| 010 |
|
|
|a 2005233136
|
| 015 |
|
|
|a GBB404756
|2 bnb
|
| 016 |
7 |
|
|a 1479206-0
|2 DE-600
|
| 016 |
7 |
|
|a 011458566
|2 Uk
|
| 022 |
|
|
|a 1469-5081
|l 0016-7568
|y 0016-7568
|
| 035 |
|
|
|a (WaSeSS)ssj0013088
|
| 037 |
|
|
|b Cambridge University Press, The Edinburgh Building, Shaftesbury Road, Cambridge CB2 2RU, United Kingdom
|
| 040 |
|
|
|a F#A
|b eng
|e pn
|c F#A
|d OCLCQ
|d OCL
|d GUA
|d GOSCI
|d OCLCQ
|d HEBIS
|d OCLCQ
|d OCLCF
|d EUW
|d OCLCO
|d OCLCQ
|d BGS
|d UA@
|d VT2
|d CNMTR
|d OCLCQ
|d NLE
|d UKMGB
|d DKU
|d FXR
|d AU@
|d OCLCQ
|d CGU
|d SFB
|d DLC
|d WaSeSS
|
| 042 |
|
|
|a pcc
|
| 050 |
0 |
0 |
|a QE1
|
| 082 |
0 |
4 |
|a 550
|
| 130 |
0 |
|
|a Geological magazine (Online)
|
| 245 |
1 |
0 |
|a Geological magazine
|h [electronic resource].
|
| 260 |
|
|
|a Cambridge, England :
|b Cambridge University Press
|
| 310 |
|
|
|a Monthly,
|b 2019-
|
| 321 |
|
|
|a Bimonthly
|
| 362 |
1 |
|
|a Print began in 1864.
|
| 506 |
|
|
|a License restrictions may limit access.
|
| 538 |
|
|
|a Mode of access: World Wide Web.
|
| 588 |
|
|
|a Description based on: Vol. 134, issue 01 (Jan. 1997); title from contents screen (Cambridge Journals Online, viewed Aug. 3, 2005).
|
| 588 |
|
|
|a Latest issue consulted: Vol. 157, issue 4 (Apr. 2020) (Cambridge Journals online, viewed May 5, 2020).
|
| 650 |
|
0 |
|a Geology
|v Periodicals.
|
| 650 |
|
7 |
|a Geology.
|2 fast
|0 (OCoLC)fst00940627
|
| 655 |
|
0 |
|a Electronic journals.
|
| 776 |
0 |
8 |
|i Print version:
|t Geological magazine
|x 0016-7568
|w (DLC)gs 19000301
|w (OCoLC)2139602
|
| 850 |
|
|
|a DLC
|
| 856 |
4 |
0 |
|z Full text available from Research Library: 01/01/2001 to 1 year ago
|u https://search.proquest.com/publication/42157
|